| 000 | 00782nam0a22002651 4500 | ||
|---|---|---|---|
| 001 | RU\NLR\INFOCOMM\LIB\27327 | ||
| 005 | 20250617205408.0 | ||
| 035 | _a(NLR Aleph) 004297943 | ||
| 090 |
_a2565830 _c2565830 |
||
| 100 | _a20011218d1975 |||y0rusy50 ca | ||
| 101 | 1 |
_afin _cest |
|
| 102 | _aRU | ||
| 105 | _ay ||||000ay | ||
| 200 | 1 |
_aTilastotietoja Neuvosto-Eestistä _fE.Vanatoa |
|
| 210 |
_aTallinn _cPerioodika _d1975 |
||
| 215 |
_a[22]с. _d20 см |
||
| 300 | _aВ вып. дан.: Эстонская ССР в цифрах.Сост. Э. Ванатоа. | ||
| 675 |
_a914.742 _zfin |
||
| 702 | 1 |
_aVanatoa _bE. _4220 |
|
| 801 | 1 |
_aRU _bInfoComm _c20011218 |
|
| 801 | 0 |
_aRU _bNLR _gPSBO _c19760609 |
|
| 852 |
_aNLR _bН _jФин/2-8311 |
||
| 942 | _cBOOK | ||
| 980 | _aNB | ||